A course in probability theory (Record no. 1433628)

MARC details
000 -LEADER
fixed length control field 00555nam a2200181 4500
005 - DATE AND TIME OF LATEST TRANSACTION
control field 20250714151924.0
008 - FIXED-LENGTH DATA ELEMENTS--GENERAL INFORMATION
fixed length control field 250714b |||||||| |||| 00| 0 eng d
037 ## - SOURCE OF ACQUISITION
Terms of availability Reference
040 ## - CATALOGING SOURCE
Original cataloging agency RTL
Transcribing agency RTL
084 ## - COLON CLASSIFICATION NUMBER
Classification number B281 K8/SC
Assigning agency RTL
100 ## - MAIN ENTRY--PERSONAL NAME
Personal name Chung, Kai Lai
245 ## - TITLE STATEMENT
Title A course in probability theory
260 ## - PUBLICATION, DISTRIBUTION, ETC.
Place of publication, distribution, etc. New York
Name of publisher, distributor, etc. Harcourt, Brace and world Inc.
Date of publication, distribution, etc. 1968
300 ## - PHYSICAL DESCRIPTION
Extent Vii, 331 p.
Other physical details Includes bibliographical reference and index
650 ## - SUBJECT ADDED ENTRY--TOPICAL TERM
Topical term or geographic name entry element Probability theory
650 ## - SUBJECT ADDED ENTRY--TOPICAL TERM
Topical term or geographic name entry element Mathematics
942 ## - ADDED ENTRY ELEMENTS (KOHA)
Source of classification or shelving scheme Colon Classification (CC)
Suppress in OPAC No
Koha item type Reference
Classification part B281 K8/SC
Holdings
Withdrawn status Lost status Source of classification or shelving scheme Damaged status Not for loan Home library Current library Date acquired Total Checkouts Full call number Barcode Date last seen Price effective from Koha item type
    Colon Classification (CC)     Ratan Tata Library Ratan Tata Library 2025-07-14   B281 K8/SC RT1414595G 2025-07-14 2025-07-14 Reference
Copyright @ Delhi University Library System